00728nam a2200217Ia 4500003000900000008004100009040001300050040001300063041000800076100002200084245011500106250001200221260001400233260000900247300000800256490000600264700001800270942000700288999001700295952019800312IT-RoPAU120407s9999 xx 000 0 und d aIT-RoPAU cIT-RoPAU aita aMario Caciagli  aPolitica in Italia. Edizione 1996. I Fatti dell’Anno e le Interpretazioni. Gli Avvenimenti politici del 1995 aBologna aIl Mulino c1996 c cm v1 aDavid Kertzer cBK c23507d23507 00102ddc406320_82000000000000071aPAULUSbPAULUSd2012-04-11l0o320.82r2012-04-11 00:00:00w2012-04-11yBKzInserito da: LuigiG In data: 27 ottobre 2011 fondo: Via A.Severo 56 Progr:29404